| 000 | 00531nam a22001577a 4500 | ||
|---|---|---|---|
| 999 |
_c264610 _d264609 |
||
| 003 | OSt | ||
| 005 | 20241015112246.0 | ||
| 008 | 241015b xxu||||| |||| 00| 0 eng d | ||
| 024 | _aMCS/8012/2014 | ||
| 040 | _cRongo University. | ||
| 050 |
_aHF 5415 _bO38 |
||
| 100 | _aFrancis Odoyo Ogutu | ||
| 245 |
_aInfluence of Social Media On Public Relations Practice In Kenya Banking Industry; _bA Study Of Chase Bank Kenya Limited. _cOgutu,Odoyo,Francis. |
||
| 260 |
_aRongo University :Kenya _bRongo University _c2014 |
||
| 942 |
_2lcc _cTH |
||